[Event "85th Southwest Open 2019"]
[Site "Dallas"]
[Date "2019.09.02"]
[Round "9.6"]
[White "Sorokin, Aleksey"]
[Black "Javakhadze, Zurab"]
[Result "*"]
[WhiteElo "2514"]
[BlackElo "2441"]
[Annotator "TA"]
[PlyCount "28"]
[EventDate "2019.08.29"]
[EventType "swiss"]
[EventCountry "USA"]
[SourceTitle "playchess.com"]
[Source "ChessBase"]
[SourceQuality "1"]

{[%evp 13,21,14,17,18,20,13,20,16,10,20]} 1. d4 Nf6 2. c4 e6 3. Nc3 d5 4. cxd5 exd5 5. Bg5 c6 6. e3 Bd6 7. Bd3 O-O {The position is equal.} 8. Nge2 {D35: Queen's Gambit Declined: Exchange Variation} Re8 9. Qc2 h6 10. Bh4 a5 (10... Nbd7 11. g4 Nf8 12. h3 b5 13. Rg1 Ne6 14. f4 Bxf4 15. Bh7+ Kh8 16. exf4 Nxd4 17. Qd3 Nxe2 18. Nxe2 Qa5+ {0-1 (45) Mamedyarov,S (2809)-Kramnik,V (2800) Moscow 2018}) 11. a3 {Predecessor:} Nbd7 $146 12. h3 Nb6 13. O-O Be6 14. f3 a4 {1-0 (51) Sadler,C (2325)-Arppi,H (2316) ICCF email 2015} *

[Event "85th Southwest Open 2019"]
[Site "Dallas"]
[Date "2019.09.02"]
[Round "9.7"]
[White "Wang, Justin"]
[Black "Belous, Vladimir"]
[Result "*"]
[WhiteElo "2449"]
[BlackElo "2497"]
[Annotator "TA"]
[PlyCount "38"]
[EventDate "2019.08.29"]
[EventType "swiss"]
[EventCountry "USA"]
[SourceTitle "playchess.com"]
[Source "ChessBase"]
[SourceQuality "1"]

{[%evp 20,26,32,27,36,39,37,29,39]} 1. e4 c5 2. Nf3 Nc6 3. d4 cxd4 4. Nxd4 e5 5. Nb5 d6 6. c4 Be7 7. N1c3 a6 8. Na3 f5 9. exf5 Bxf5 10. Bd3 Be6 11. Nc2 Nf6 {B32: Sicilian: Löwenthal and Kalashnikov Variations} 12. O-O O-O 13. Ne3 (13. b3 Qd7 14. Bb2 Bd8 15. Ne4 Bb6 16. Qe2 Rad8 17. Kh1 Nxe4 18. Bxe4 {½-½ (50) Yu,Y (2764)-Potapov,P (2516) St Petersburg 2018}) 13... Rc8 {[#]} {Predecessor:} 14. b3 $146 Qe8 15. Bf5 Bxf5 16. Nxf5 Rd8 17. Ba3 Qg6 18. Qd3 e4 19. Nxe7+ Nxe7 {1-0 (105) Najer,E (2634)-Vasiliev,O (2296) Jerusalem 2015} *

[Event "85th Southwest Open 2019"]
[Site "Dallas"]
[Date "2019.09.03"]
[Round "9.7"]
[White "Wang, Justin"]
[Black "Belous, Vladimir"]
[Result "1/2-1/2"]
[WhiteElo "2449"]
[BlackElo "2497"]
[Annotator "TA"]
[PlyCount "114"]
[EventDate "2019.08.29"]
[EventType "swiss"]
[EventCountry "USA"]
[SourceTitle "playchess.com"]
[Source "ChessBase"]
[SourceQuality "1"]

{[%evp 20,114,25,18,22,22,28,32,31,38,48,16,41,38,66,72,77,69,127,129,141,123,178,54,120,63,58,16,17,14,25,21,14,0,94,110,107,112,112,116,158,90,222,210,202,210,301,289,327,316,330,332,325,254,245,245,251,251,254,254,235,300,305,306,318,318,318,318,318,318,318,318,318,318,299,270,264,166,175,179,157,24,32,0,0,0,0,0,0,-8,-8,-8,-8,-8,-8,-8,-8]} 1. e4 c5 2. Nf3 Nc6 3. d4 cxd4 4. Nxd4 e5 5. Nb5 d6 6. c4 Be7 7. N1c3 a6 8. Na3 f5 9. exf5 Bxf5 10. Bd3 Be6 11. Nc2 Nf6 {B32: Sicilian: Löwenthal and Kalashnikov Variations} 12. O-O O-O 13. Ne3 (13. b3 Qd7 14. Bb2 Bd8 15. Ne4 Bb6 16. Qe2 Rad8 17. Kh1 Nxe4 18. Bxe4 {½-½ (50) Yu,Y (2764)-Potapov,P (2516) St Petersburg 2018}) 13... Rc8 {White is slightly better.} 14. b3 Kh8 15. Ne4 $146 ({Predecessor:} 15. Ncd5 Qe8 16. Bb2 Nb8 17. Rc1 Nbd7 {0-1 (80) Harutyunyan,S (2050)-Zachary,M (2271) Avoine 2018}) 15... Bg8 16. Bb2 Qe8 17. Nxf6 Rxf6 18. Be4 b5 (18... Bd8 $14) 19. cxb5 $16 axb5 20. Rc1 $1 Rf8 (20... Nb4 $16) 21. Qd2 (21. Nf5 $1 $18) 21... h6 (21... d5 $1 $14 22. Bxd5 (22. Nxd5 Rd8 $16) 22... Rd8 23. Bxc6 Rxd2 24. Bxe8 Rxe8) 22. Rc2 ({White should try} 22. Rfd1 $16) 22... Rf4 $14 23. f3 Bg5 $1 {White must now prevent ...d5!} 24. Qf2 Nb4 25. Rxc8 Qxc8 26. Bb1 Qc5 (26... Bh7 $11) 27. Nf5 $1 $36 {[%mdl 2048] Black is under strong pressure.} Bh7 28. Qxc5 dxc5 29. g4 $1 Nc6 30. Bc1 (30. Be4 $142 $1 {[%cal Re4c6]} Nd4 31. Kg2) 30... Rb4 {[#]} (30... Bxf5 $16 {was called for.} 31. Bxf5 (31. Bxf4 Bxb1 32. Bxg5 Bxa2 $16) 31... Rd4) 31. Be4 $1 $18 {[%cal Re4c6]} Bxf5 32. gxf5 Na5 (32... Nd4 $142 33. Ba3 Kg8 34. Bxb4 cxb4) 33. Bb2 Be3+ 34. Kg2 Rd4 35. Bxd4 exd4 {[%mdl 4096] Endgame KRB-KBN} 36. b4 cxb4 37. Rb1 Bd2 38. Kf2 Kg8 39. Ke2 Bc3 40. Bd5+ Kf8 41. Kd3 Ke7 42. Rg1 Kd6 43. Be4 ({Avoid the trap} 43. Rxg7 $2 Kxd5 44. Rd7+ Ke5 $19) 43... b3 44. axb3 Nxb3 45. Rxg7 Nc5+ 46. Kc2 b4 {aiming for ...d3+!} 47. Rg6+ Ke5 {and the idea ...b3+ leaves Black hopeful.} 48. f6 {Strongly threatening f7.} b3+ 49. Kb1 {f7 is the strong threat.} Ke6 {[#]} 50. Rxh6 ({White must play} 50. f7+ $1 $16 Kxf7 51. Rc6 (51. Rxh6 d3 $16)) 50... d3 $1 $11 51. Bxd3 (51. f7+ $5 Kxf7 52. Bd5+ Ke7 53. Bc4 $16) 51... Nxd3 {[#]The position is equal.} 52. f7+ $1 {[%mdl 512]} Kxf7 53. Rb6 Nc5 54. Rxb3 {[%mdl 64] Remove Defender, Decoy} Nxb3 55. Kc2 {[%mdl 64] Double Attack} Nd4+ 56. Kxc3 Nxf3 57. h4 Nxh4 {Accuracy: White = 59%, Black = 42%.} 1/2-1/2

[Event "85th Southwest Open 2019"]
[Site "Dallas"]
[Date "2019.09.03"]
[Round "9.8"]
[White "Popilski, Gil"]
[Black "Arribas Lopez, Angel"]
[Result "1/2-1/2"]
[WhiteElo "2468"]
[BlackElo "2440"]
[Annotator "TA"]
[PlyCount "78"]
[EventDate "2019.08.29"]
[EventType "swiss"]
[EventCountry "USA"]
[SourceTitle "playchess.com"]
[Source "ChessBase"]
[SourceQuality "1"]

{[%evp 16,78,17,10,15,0,0,12,12,0,8,-13,-15,-16,-11,-13,0,-10,-7,-12,0,-7,-3,-3,0,0,0,0,0,0,0,0,0,0,0,0,0,0,0,0,0,0,0,-7,0,0,0,0,10,0,0,0,0,0,0,0,0,0,0,0,0,0,0,0,0]} 1. e4 e5 2. Nf3 Nc6 3. Bb5 Nf6 4. O-O Nxe4 5. Re1 Nd6 6. Nxe5 Be7 7. Bf1 Nxe5 8. Rxe5 O-O 9. d4 {The position is equal.} Ne8 {C67: Ruy Lopez: Berlin Defence: 4 0-0 Nxe4} 10. Nc3 Bf6 11. Re1 d5 12. Bf4 c6 13. Be5 Bf5 14. Bd3 Bxd3 15. Qxd3 {[#]} Qd7 $146 ({Predecessor:} 15... Nd6 16. b3 Re8 {0-1 (57) Polgar,J (2685)-Bacrot,E (2720) Dubai 2014}) 16. b3 Bxe5 17. Rxe5 Nc7 18. Rae1 Rae8 19. Nd1 f6 (19... g6 {is more complex.} 20. f3 Rxe5 21. Rxe5 Re8 22. Rxe8+ Nxe8 23. Ne3 Qd6) 20. Rxe8 Rxe8 21. Rxe8+ Qxe8 22. Ne3 Qe6 23. Kf1 g6 24. c3 Kf7 25. g3 Ne8 26. f3 Nd6 27. Qe2 Nf5 28. Kf2 Nxe3 29. Qxe3 Qxe3+ 30. Kxe3 $11 {[%mdl 4096] Endgame KP-KP} g5 31. g4 b5 32. b4 Ke6 33. Ke2 f5 34. Ke3 Kf6 35. Kf2 Kg6 36. Kg3 f4+ 37. Kf2 h5 38. h3 h4 39. Ke2 Kf6 {Accuracy: White = 88%, Black = 63%.} 1/2-1/2

[Event "85th Southwest Open 2019"]
[Site "Dallas"]
[Date "2019.09.02"]
[Round "9.8"]
[White "Popilski, Gil"]
[Black "Arribas Lopez, Angel"]
[Result "*"]
[WhiteElo "2468"]
[BlackElo "2440"]
[Annotator "TA"]
[PlyCount "37"]
[EventDate "2019.08.29"]
[EventType "swiss"]
[EventCountry "USA"]
[SourceTitle "playchess.com"]
[Source "ChessBase"]
[SourceQuality "1"]

{[%evp 16,17,11,21]} 1. e4 e5 2. Nf3 Nc6 3. Bb5 Nf6 4. O-O Nxe4 5. Re1 Nd6 6. Nxe5 Be7 7. Bf1 Nxe5 8. Rxe5 O-O 9. d4 {Predecessor:} Bf6 $146 10. Re1 Re8 11. c3 Rxe1 12. Qxe1 Ne8 13. d5 c6 14. Qd1 b6 15. Bf4 Bb7 16. dxc6 dxc6 17. Nd2 c5 18. Nc4 Qxd1 19. Rxd1 {½-½ (40) Anand,V (2774)-Caruana,F (2819) Karlsruhe/Baden Baden 2019} *

[Event "85th Southwest Open 2019"]
[Site "Dallas"]
[Date "2019.09.03"]
[Round "9.9"]
[White "Drozdowski, Kacper"]
[Black "Wang, Jason"]
[Result "0-1"]
[WhiteElo "2484"]
[BlackElo "2300"]
[Annotator "RC"]
[PlyCount "104"]
[EventDate "2019.08.29"]
[EventType "swiss"]
[EventCountry "USA"]
[SourceTitle "playchess.com"]
[Source "ChessBase"]
[SourceQuality "1"]
[TimeControl "5400+30"]

1. e4 {[%emt 0:00:00]} c5 {[%emt 0:00:00]} 2. d3 {[%emt 0:00:00]} e6 {[%emt 0:00:00]} 3. f4 {[%emt 0:00:00]} d5 {[%emt 0:00:53]} 4. Nf3 {[%emt 0:00:12]} Nc6 {[%emt 0:00:19]} 5. Be2 {[%emt 0:00:38]} Nge7 {[%emt 0:02:29]} 6. O-O {[%emt 0:00:10]} g6 {[%emt 0:00:47]} 7. Qe1 {[%emt 0:00:14]} Bg7 {[%emt 0:00:31]} 8. Nc3 {[%emt 0:00:32]} b6 {[%emt 0:04:47]} 9. Qh4 {[%emt 0:00:52]} Ba6 {[%emt 0:03:40]} 10. f5 {[%emt 0:02:38]} exf5 {[%emt 0:06:47]} 11. exd5 {[%emt 0:07:37]} Nxd5 {[%emt 0:03:51]} 12. Bg5 {[%emt 0:00:15]} Qd7 {[%emt 0:02:18]} 13. Nxd5 {[%emt 0:03:10]} Qxd5 {[%emt 0:00:37]} 14. c3 {[%emt 0:00:06]} O-O {[%emt 0:03:09]} 15. Bh6 {[%emt 0:00:25]} Rfe8 {[%emt 0:02:56]} 16. Rf2 {[%emt 0:00:28]} Bxd3 {[%emt 0:07:09]} 17. Rd1 {[%emt 0:09:28]} Qe4 {[%emt 0:03:05]} 18. Bf4 {[%emt 0:00:25]} Bxe2 {[%emt 0:11:39]} 19. Ng5 {[%emt 0:00:10]} Qe7 {[%emt 0:10:38]} 20. Qxh7+ {[%emt 0:00:56]} Kf8 {[%emt 0:01:07]} 21. Re1 {[%emt 0:02:52]} Rad8 {[%emt 0:11:47]} 22. Rfxe2 {[%emt 0:00:34]} Qxe2 {[%emt 0:00:19]} 23. Rxe2 {[%emt 0:00:30]} Rxe2 {[%emt 0:00:06]} 24. h3 {[%emt 0:01:52]} Rxb2 {[%emt 0:06:39]} 25. Qh4 {[%emt 0:03:23]} Rxa2 {[%emt 0:03:13]} 26. Nh7+ {[%emt 0:01:07]} Kg8 {[%emt 0:00:22]} 27. Nf6+ {[%emt 0:00:19]} Kf8 {[%emt 0:00:04]} 28. Nh7+ {[%emt 0:00:21]} Ke8 {[%emt 0:01:32]} 29. Nf6+ {[%emt 0:02:38]} Bxf6 {[%emt 0:02:31]} 30. Qxf6 {[%emt 0:00:01]} Ne7 {[%emt 0:00:20]} 31. Qe5 {[%emt 0:02:50]} Ra4 {[%emt 0:01:35]} 32. Bg5 {[%emt 0:01:07]} Re4 {[%emt 0:00:06]} 33. Qc7 {[%emt 0:00:03]} Re6 {[%emt 0:00:44]} 34. Qxa7 {[%emt 0:01:43]} f6 {[%emt 0:00:41]} 35. Bf4 {[%emt 0:00:04]} Kf7 {[%emt 0:00:40]} 36. h4 {[%emt 0:01:31]} Rd3 {[%emt 0:01:20]} 37. Bc7 {[%emt 0:01:17]} Rd7 {[%emt 0:01:13]} 38. Qb8 {[%emt 0:00:44]} Nd5 {[%emt 0:00:10]} 39. Qh8 {[%emt 0:01:00]} Rxc7 {[%emt 0:00:34]} 40. Qh7+ {[%emt 0:00:11]} Kf8 {[%emt 0:00:14]} 41. Qh8+ {[%emt 0:01:50]} Ke7 {[%emt 0:00:06]} 42. Qg7+ {[%emt 0:00:06]} Kd6 {[%emt 0:00:05]} 43. Qxg6 {[%emt 0:00:05]} Ne3 {[%emt 0:01:55]} 44. Kf2 {[%emt 0:01:10]} Ng4+ {[%emt 0:03:05]} 45. Kg3 {[%emt 0:00:01]} Re3+ {[%emt 0:00:16]} 46. Kf4 {[%emt 0:00:06]} Re4+ {[%emt 0:00:13]} 47. Kg3 {[%emt 0:00:06]} Re3+ {[%emt 0:01:21]} 48. Kf4 {[%emt 0:00:04]} Rce7 {[%emt 0:00:46]} 49. c4 {[%emt 0:00:24]} Re1 {[%emt 0:00:57]} 50. Kxf5 {[%emt 0:00:33]} Ne3+ {[%emt 0:00:59]} 51. Kf4 {[%emt 0:00:06]} Rf1+ {[%emt 0:00:07]} 52. Kg3 {[%emt 0:00:04]} Rg7 {[%emt 0:00:05]} 0-1

[Event "85th Southwest Open 2019"]
[Site "Dallas"]
[Date "2019.09.03"]
[Round "9.10"]
[White "Li, Ben"]
[Black "Berczes, David"]
[Result "0-1"]
[WhiteElo "2407"]
[BlackElo "2488"]
[Annotator "TA"]
[PlyCount "66"]
[EventDate "2019.08.29"]
[EventType "swiss"]
[EventCountry "USA"]
[SourceTitle "playchess.com"]
[Source "ChessBase"]
[SourceQuality "1"]

{[%evp 9,74,24,29,20,31,19,31,22,33,0,-8,-14,7,0,0,0,0,0,0,-54,-48,-52,-61,-52,-57,-67,-49,-68,-64,-69,-62,-71,-57,-79,32,-27,13,-50,-41,-137,-127,-276,-267,-285,-193,-300,-295,-323,-222,-324,-310,-327,-310,-307,-316,-413,-383,-358,-362,-675,-727,-720,-710,-821,-810,-870,-807]} 1. d4 e6 2. c4 Bb4+ 3. Bd2 a5 4. a3 Bxd2+ 5. Qxd2 Nf6 (5... d6 6. Nf3 Nf6 7. Nc3 Nc6 8. Rd1 O-O 9. e4 Qe7 10. Be2 e5 11. dxe5 Nxe5 12. Nxe5 Qxe5 13. Qd4 Be6 14. O-O Rfe8 {½-½ (30) Cuenca Jimenez,J (2512)-Ivanchuk,V (2713) Caleta 2019}) 6. Nc3 {A40: Unusual replies to 1 d4} O-O 7. e4 d6 8. f4 $146 {White is slightly better.} ({Predecessor:} 8. Bd3 e5 9. d5 Nbd7 10. Nge2 a4 11. O-O Nc5 12. Bc2 {1-0 (39) Steinbacher,C (2134)-Wiesner,P (1819) Germany 2012}) 8... e5 9. fxe5 dxe5 10. d5 Qe7 11. Nf3 Bg4 12. Be2 Bxf3 13. Bxf3 Nbd7 14. Qf2 (14. b3 $11) 14... a4 $15 15. O-O Qc5 16. Be2 Ne8 17. Bd3 Ra6 18. Rac1 Qxf2+ 19. Kxf2 Nc5 20. Ke3 Rg6 21. g3 Nd6 (21... Rb6 $17 22. Rc2 Rb3) 22. Rf2 (22. Nxa4 $1 $14 Nxa4 23. c5) 22... h5 23. Rcf1 {[#]} ({White should try} 23. Nxa4 $1 $11 Nxa4 24. c5) 23... h4 $1 {[%mdl 512]} 24. Rf3 (24. Rg2 $15) (24. gxh4 Rg4) 24... Rg4 $17 25. Nb5 {[#]} (25. Kf2 $17) 25... Nxc4+ $1 $19 {[%mdl 576] Double Attack} 26. Ke2 (26. Bxc4 Rxe4+) 26... hxg3 27. h3 (27. Rxg3 {was called for.} Rh4 28. Bxc4 Rxe4+ {[%mdl 64] Double Attack} 29. Re3 Rxc4 30. Rxe5) 27... Rh4 28. Rxg3 Nd6 (28... Nxe4 29. Bxe4 Rxe4+ 30. Kd3 $19) 29. Nxc7 (29. Nxd6 $142 cxd6 30. Ke3) 29... Nxd3 ({Don't do} 29... Ncxe4 30. Re3 $19) (29... Ndxe4 30. Bxe4 Nxe4 31. Rgf3 $19) 30. Kxd3 Rc8 (30... Rxe4 $2 31. Rfg1 $19) ({Not} 30... Nxe4 31. Rg4 $17) 31. Rc1 Rxe4 ({Resist} 31... Nxe4 32. Re3 $19) 32. Rc2 Rd4+ 33. Ke2 {[#]} Rxd5 {Played: Nd6-b5} 0-1

[Event "85th Southwest Open 2019"]
[Site "Dallas"]
[Date "2019.09.03"]
[Round "9.11"]
[White "Tsay, Vincent"]
[Black "Nakar, Eylon"]
[Result "1/2-1/2"]
[WhiteElo "2233"]
[BlackElo "2441"]
[Annotator "TA"]
[PlyCount "120"]
[EventDate "2019.08.29"]
[EventType "swiss"]
[EventCountry "USA"]
[SourceTitle "playchess.com"]
[Source "ChessBase"]
[SourceQuality "1"]

{[%evp 19,120,28,18,19,11,0,0,6,15,8,50,47,50,42,51,24,59,56,95,67,77,63,60,59,166,59,58,72,85,83,92,92,84,88,88,81,93,98,97,97,106,94,93,62,76,62,66,58,72,72,78,76,64,60,147,159,147,122,163,0,0,0,0,100,100,100,100,100,100,100,100,100,100,100,100,0,0,0,0,0,0,0,0,0,0,0,0,0,0,0,0,0,0,0,0,0,0,0,0,0,0,0,0]} 1. d4 Nf6 2. Nf3 e6 3. g3 d5 4. c4 Bb4+ 5. Bd2 Be7 6. Bg2 O-O 7. O-O c6 8. Qb3 b6 9. Nc3 Nbd7 10. Bf4 Bb7 11. Rac1 {E07: Closed Catalan: Main Line (5 Nf3 0-0 6 0-0 Nbd7)} c5 12. cxd5 Nxd5 13. Nxd5 $146 ({Predecessor:} 13. Rfd1 Nxf4 14. gxf4 Qc7 15. e3 Rad8 16. Qc4 Qb8 17. d5 exd5 18. Nxd5 Bxd5 19. Rxd5 {½-½ (49) Tkachiev,V (2648)-Pinter,J (2556) Budapest 1999}) 13... Bxd5 14. Qc2 Rc8 15. e4 Bb7 16. d5 $1 $36 {[%mdl 2048] White fights for an advantage.} exd5 17. exd5 Bf6 18. Rfd1 g6 19. Nd2 Be5 20. Bh6 Re8 21. Nc4 Qf6 (21... b5 $14 22. Nxe5 Nxe5) 22. Nxe5 (22. Qa4 $18 Rcd8 23. Qxa7) 22... Nxe5 $14 23. Qc3 Rcd8 24. h4 {Black must now prevent Bg5.} Ng4 25. Qxf6 Nxf6 26. Bg5 Kg7 27. b4 cxb4 28. Rc7 Ba8 29. Rxa7 h6 30. Bxf6+ Kxf6 31. Rd4 g5 32. Rxb4 Re1+ 33. Kh2 Re2 34. Rxb6+ Kg7 35. h5 $1 {Threatens to win with Rg6+.} Rxf2 36. Kg1 Rf6 (36... Rc2 $14) 37. Rxf6 $1 $16 Kxf6 {[%mdl 4096] Endgame KRB-KRB} 38. Ra6+ Ke5 39. d6 $2 (39. a4 $1 $18) 39... Bxg2 $11 40. Kxg2 {KR-KR} f5 $1 41. a4 (41. Kf3 $11) 41... f4 $16 42. gxf4+ Kxf4 {[#]} 43. a5 $1 Ke5 {[#]} 44. d7 $1 {[%mdl 512]} Rxd7 45. Rxh6 g4 46. Rb6 Kf4 {[#]} 47. a6 (47. h6 $1 $16) 47... Rd2+ $1 $11 {The position is equal.} 48. Kf1 {Strongly threatening h6.} g3 $1 49. Rg6 {And now h6 would win.} Rd1+ 50. Ke2 Ra1 51. h6 g2 52. h7 Ra2+ 53. Kd3 Rxa6 54. Rxa6 g1=Q {KQ-KR} 55. Rf6+ Kg5 $1 {( -> ...Qb1+)} 56. h8=Q {White wants to mate with Qg7+.} Qb1+ 57. Kc4 Qe4+ 58. Kb3 {Intending Qg7+ and mate.} Qd3+ 59. Ka4 {Threatening mate with Qg7+.} Qd4+ 60. Ka5 {White threatens Qg7+ and mate.} Qxf6 {Accuracy: White = 56%, Black = 72%.} 1/2-1/2

[Event "85th Southwest Open 2019"]
[Site "Dallas"]
[Date "2019.09.02"]
[Round "9.12"]
[White "Li, Zhaozhi"]
[Black "Hong, Andrew"]
[Result "*"]
[WhiteElo "2423"]
[BlackElo "2440"]
[Annotator "TA"]
[PlyCount "38"]
[EventDate "2019.08.29"]
[EventType "swiss"]
[EventCountry "USA"]
[SourceTitle "playchess.com"]
[Source "ChessBase"]
[SourceQuality "1"]

{[%evp 21,25,18,7,14,32,5]} 1. d4 d5 2. c4 e6 3. Nf3 Nf6 4. Nc3 c6 5. e3 Nbd7 6. Qc2 Bd6 7. Bd3 O-O 8. O-O dxc4 9. Bxc4 b5 10. Be2 Bb7 11. e4 e5 12. dxe5 {D46: Semi-Slav: 5 e3 Nbd7 6 Bd3, Black avoids the Meran} Nxe5 13. Nd4 {[#]} {Predecessor:} Neg4 $146 14. g3 Bc5 15. Nf5 Re8 16. Bf4 Qb6 17. Bxg4 Nxg4 18. Rac1 g6 19. h3 Ne5 {0-1 (59) Martinovic,S (2555)-Saric,I (2691) Bjelovar 2019} *

[Event "85th Southwest Open 2019"]
[Site "Dallas"]
[Date "2019.09.03"]
[Round "9.12"]
[White "Li, Zhaozhi"]
[Black "Hong, Andrew"]
[Result "1-0"]
[WhiteElo "2423"]
[BlackElo "2440"]
[Annotator "TA"]
[PlyCount "103"]
[EventDate "2019.08.29"]
[EventType "swiss"]
[EventCountry "USA"]
[SourceTitle "playchess.com"]
[Source "ChessBase"]
[SourceQuality "1"]

{[%evp 21,103,30,32,22,29,0,0,0,0,0,0,0,0,2,16,0,81,18,21,21,33,19,30,32,27,0,0,0,13,0,0,0,0,0,11,22,83,0,0,0,0,0,0,0,0,0,0,0,0,0,0,0,0,0,39,39,46,0,0,0,0,0,0,0,0,0,70,64,431,425,391,76,29985,29986,29981,29982,29995,29996,29996,29997,29997,29998,29998,29999]} 1. d4 d5 2. c4 e6 3. Nf3 Nf6 4. Nc3 c6 5. e3 Nbd7 6. Qc2 Bd6 7. Bd3 O-O 8. O-O dxc4 9. Bxc4 b5 10. Be2 Bb7 11. e4 e5 12. dxe5 {D46: Semi-Slav: 5 e3 Nbd7 6 Bd3, Black avoids the Meran} Nxe5 13. Nd4 Neg4 14. g3 {The position is equal.} Bc5 15. Nf5 Re8 16. Bf4 Qb6 {[%cal Rg4f2]} 17. Kg2 g6 18. h3 Ne5 {[#]} (18... gxf5 $11 {remains equal.} 19. hxg4 Bd4) 19. Bxe5 $146 (19. Nh6+ $16 Kg7 20. Bg5) ({Predecessor:} 19. Nh6+ Kg7 {½-½ (32) Nakamura,H (2790)-Giri,A (2793) Moscow 2016}) 19... Rxe5 $11 20. f4 Ree8 21. Nh6+ Kg7 22. e5 Nd5 {...Ne3+ is the strong threat.} 23. Nxd5 cxd5 24. Ng4 d4+ 25. Bf3 d3 26. Qxd3 Rad8 27. Qe2 Bxf3+ 28. Rxf3 Bb4 (28... Rd4 $1 $11 {keeps the balance.}) 29. Rd1 (29. Nf6 $16 Rg8 30. Ne4 (30. Nxg8 Rd2 $14)) 29... Rxd1 30. Qxd1 Rd8 31. Rd3 Rxd3 32. Qxd3 Qc6+ 33. Kh2 Qc1 {White must now prevent ...Bc5.} 34. Qe2 Bc5 {[%csl Gc5][%cal Rc1g1]} 35. h4 h5 36. Nf6 Bd4 37. b3 a5 38. Qg2 $36 {[%mdl 2048] White is pushing.} a4 39. bxa4 bxa4 40. Qa8 {White wants to mate with Qg8+.} Qc2+ 41. Qg2 Qc1 42. Ne4 a3 43. Ng5 Be3 (43... Qb2 $11) 44. e6 $14 {aiming for e7.} Qc4 $2 {[%mdl 8192]} ({Better is} 44... Bc5 $1 $14) 45. e7 $18 Qb5 {[#] Now ...Bc5 and Black clings on.} 46. Qc2 $2 (46. Ne4 $1 $18 {[%cal Re4d6] Strongly threatening Nd6.} Qd7 47. Qc2 Qxe7 48. Qc3+ {[%mdl 64] Double Attack} Kg8 49. Qxe3) 46... Bd4 $2 {[%mdl 8192]} (46... Bc5 $16) 47. Qe4 {White mates.} Qb2+ 48. Kh3 f5 49. e8=Q Kh6 {[#]} 50. Qxg6+ $1 Kxg6 51. Qe6+ Bf6 52. Qf7+ {Accuracy: White = 53%, Black = 56%.} 1-0

[Event "85th Southwest Open 2019"]
[Site "Dallas"]
[Date "2019.09.02"]
[Round "9.13"]
[White "Guo, Arthur"]
[Black "Nguyen, Emily"]
[Result "*"]
[WhiteElo "2295"]
[BlackElo "2183"]
[Annotator "TA"]
[PlyCount "38"]
[EventDate "2019.08.29"]
[EventType "swiss"]
[EventCountry "USA"]
[SourceTitle "playchess.com"]
[Source "ChessBase"]
[SourceQuality "1"]

{[%evp 21,27,15,12,12,16,13,16,9]} 1. e4 e5 2. Nf3 Nc6 3. Bb5 a6 4. Ba4 Nf6 5. O-O Be7 6. d3 b5 7. Bb3 d6 8. a4 Bd7 9. c3 O-O 10. Nbd2 {[%cal Bb1d2,Bd2f1,Bf1e3][%mdl 32]} Na5 11. Bc2 c5 {The position is equal.} 12. Re1 {C55: Two Knights: 4 d3, 4 d4 exd4 5 e5 and Max Lange Attack} Nc6 13. Nf1 b4 14. Ne3 {[#]} {Predecessor:} Rb8 $146 15. d4 bxc3 16. bxc3 cxd4 17. cxd4 Re8 18. Ba3 exd4 19. Nxd4 Nb4 {½-½ (40) Sjugirov,S (2650)-Matlakov,M (2735) St Petersburg 2017} *

[Event "85th Southwest Open 2019"]
[Site "Dallas"]
[Date "2019.09.03"]
[Round "9.13"]
[White "Guo, Arthur"]
[Black "Nguyen, Emily"]
[Result "0-1"]
[WhiteElo "2295"]
[BlackElo "2183"]
[Annotator "TA"]
[PlyCount "48"]
[EventDate "2019.08.29"]
[EventType "swiss"]
[EventCountry "USA"]
[SourceTitle "playchess.com"]
[Source "ChessBase"]
[SourceQuality "1"]

{[%evp 21,86,12,8,2,5,0,7,0,7,2,0,0,-5,-14,0,-79,-72,-172,-155,-167,-177,-291,-282,-249,-206,-195,-166,-198,-183,-172,-163,-166,-150,-168,-164,-192,-202,-266,-253,-298,-177,-173,-179,-169,-83,-73,0,-31,0,0,0,0,146,-529,-546,-529,-528,-542,-538,-547,-533,-1179,-1227,-1208,-1235,-1079,-1054]} 1. e4 e5 2. Nf3 Nc6 3. Bb5 a6 4. Ba4 Nf6 5. O-O Be7 6. d3 b5 7. Bb3 d6 8. a4 Bd7 9. c3 O-O 10. Nbd2 Na5 11. Bc2 c5 12. Re1 {C55: Two Knights: 4 d3, 4 d4 exd4 5 e5 and Max Lange Attack} Nc6 13. Nf1 b4 14. Ne3 {[#] The position is equal.} Rc8 $146 ({Predecessor:} 14... Rb8 15. d4 bxc3 16. bxc3 cxd4 17. cxd4 Re8 18. Ba3 exd4 19. Nxd4 Nb4 {½-½ (40) Sjugirov,S (2650)-Matlakov,M (2735) St Petersburg 2017}) 15. h3 Re8 16. Nh2 Be6 17. Qf3 d5 18. Nf5 (18. exd5 $11 Nxd5 19. Bb3) 18... Bxf5 $17 19. Qxf5 (19. exf5 $17 {was worth a try.} bxc3 20. bxc3) 19... bxc3 $1 $19 20. bxc3 Qa5 $1 $36 {[%mdl 2048] Black is on the roll.} 21. Bb2 (21. Bd2 $142 d4 22. Reb1) 21... Rb8 {And now ...g6 would win.} 22. Reb1 d4 23. Qf3 dxc3 24. Ba3 Nd7 {Played: Nc6-d4} 0-1